000 00397nam a2200169Ia 4500
003 OSt
005 20240229111637.0
008 170619s9999 xx 000 0 und d
020 _a9780070601741
040 _cIIMT ENGINEERING COLLEGE
100 _aLipschutz- Semyour
245 0 _a Discrete mathematics
260 _bNew Delhi: TMH
260 _c2006
546 _aENGLISH
942 _2ddc
_c02
999 _c18201
_d18201